Ensayos de crítica filosófica

Guardat en:
Dades bibliogràfiques
Autor principal: Menéndez y Pelayo, Marcelino (autor)
Format: Llibre
Idioma:espanyol
Publicat: Madrid Libreria General de Victoriano Suárez 1918
Matèries:
Etiquetes: Afegir etiqueta
Sense etiquetes, Sigues el primer a etiquetar aquest registre!

MARC

LEADER 00000nam a2200000 a 4500
001 UCI6698
003 CL-VaPUC
008 080523e19180000SP |||||||||||||||||spa|d
082 0 4 |a 196.1  |b MEN  |2 21 
100 |a Menéndez y Pelayo, Marcelino  |e autor  |9 478094 
245 1 0 |a Ensayos de crítica filosófica 
300 |a 399 p 
942 |c BK 
945 |d 20080523 00:00:00  |a rbrito 
260 |a Madrid  |b Libreria General de Victoriano Suárez  |c 1918 
500 |a Donación Padres Capuchinos 
650 0 |a Filosofía española   |9 254895 
583 |a last modification  |c 20080523 00:00:00  |k Rodrigo Vera 
999 |c 330148  |d 330146 
952 |0 0  |1 0  |4 0  |6 196_100000000000000_MEN_1918  |7 0  |8 X  |9 415534  |a FDOBUD  |b FDOBUD  |d 2019-11-22  |i 4443144  |o 196.1 MEN 1918  |p 4443144  |r 2019-11-22  |w 2019-11-22  |y BK_X  |k BUD